| 000 | 00411nam a22001337a 4500 | ||
|---|---|---|---|
| 005 | 20150211105133.0 | ||
| 008 | 150211b xxu||||| |||| 00| 0 eng d | ||
| 245 | _aOpen | ||
| 260 |
_aFaridabad _bOpen Media Network |
||
| 300 |
_av. _c27 cm _bill.col |
||
| 310 | _aWeekly | ||
| 270 |
_a18-35 Milestone,Delhi Mathura Road, _bFaridabad (Haryana) _dIndia _e121007 _meditor@openmedianetwork.in |
||
| 942 |
_2ddc _cSR _mOPE _s1 |
||
| 999 |
_c91351 _d91351 |
||